000 00288pab a2200121 454500
008 180718b xxu||||| |||| 00| 0 eng d
100 _aGhosh, S.K
245 _aChanging faces of communal riots
650 _a Riots
650 _aLaw Enforcement
773 _aHindustan Times
909 _a21817
999 _c21817
_d21817